000 00717cab a2200229 4500
001 WB3042-81
008 090401t1994 xxu||||| |||| 00| 0 eng d
035 _a(Sirsi) u81042
041 _aeng
245 _aSee the wood and buy the trees
260 _c1994
350 _a0
490 _aFinancial Times
_v5 November 1994, VI(1)
520 _aDiscusses a scheme to lure forestry investors. The Timber Lands Distribution Fund offers a net annual distribution of 8% a year which is free of income tax.
650 _aFORESTRY INVESTMENT
650 _aINCOME TAX
650 _aNEILL CLARK CAPITAL
650 _aTIMBER LANDS DISTRIBUTION FUN
690 _aRURAL PRACTICE
942 _n0
948 _c04/03/1997
999 _c51060
_d51060